[Event "26.Schlosspark-Open"]
[Site "Wiesbaden-Biebrich"]
[Date "2014.08.29"]
[Round "3.1"]
[White "Mager, Denis"]
[Black "Kunin, Vitaly"]
[Result "0-1"]
[WhiteElo "2152"]
[BlackElo "2575"]
[PlyCount "98"]
[EventDate "2014.??.??"]
[WhiteTeam "SAbt TuS Makkabi Ffm"]
[BlackTeam "Freibauer Mörlenbach-Birkenau"]

1. c4 e5 2. Nc3 Nf6 3. e3 Bb4 4. Nge2 c6 5. a3 Ba5 6. Qc2 O-O 7. d4 d6 8. b4
Bc7 9. dxe5 dxe5 10. Ng3 a5 11. Bb2 axb4 12. axb4 Rxa1+ 13. Bxa1 Na6 14. Qb1 h5
15. h4 g6 16. Be2 Be6 17. O-O Ng4 18. b5 Nc5 19. bxc6 bxc6 20. Nge4 Nxe4 21.
Qxe4 Qxh4 22. Bxg4 Qxg4 23. Qxc6 Qxc4 24. Qxc4 Bxc4 25. Rc1 Ra8 26. Ne4 Be6 27.
Nf6+ Kf8 28. Bb2 Bb8 29. Rc5 Bd6 30. Rb5 Rb8 31. Bxe5 Rxb5 32. Bxd6+ Kg7 33.
Ne8+ Kg8 34. Nf6+ Kg7 35. Ne8+ Kh8 36. f4 f5 37. Be5+ Kg8 38. Kf2 Ra5 39. Nf6+
Kf7 40. e4 Bc8 41. exf5 Bxf5 42. Nh7 Ke6 43. Ng5+ Kd5 44. Nf3 Ra2+ 45. Kg3 Be4
46. Bf6 Ra3 47. Kf2 Bxf3 48. gxf3 Ra2+ 49. Kg3 Kc4 0-1

[Event "26.Schlosspark-Open"]
[Site "Wiesbaden-Biebrich"]
[Date "2014.08.29"]
[Round "3.2"]
[White "Khenkin, Igor"]
[Black "Koch, Markus"]
[Result "1-0"]
[WhiteElo "2574"]
[BlackElo "2143"]
[PlyCount "59"]
[EventDate "2014.??.??"]
[WhiteTeam "SG Porz e.V."]
[BlackTeam "SC Brett vorm Kopp Ffm"]

1. d4 Nf6 2. c4 e6 3. Nf3 Bb4+ 4. Nbd2 b6 5. a3 Bxd2+ 6. Qxd2 Bb7 7. e3 O-O 8.
Be2 a5 9. b3 d6 10. O-O Nbd7 11. Bb2 Ne4 12. Qc2 f5 13. d5 e5 14. Nd2 c6 15.
Nxe4 fxe4 16. Qxe4 cxd5 17. cxd5 Nf6 18. Qa4 Rc8 19. Rac1 Bxd5 20. Qb5 Rxc1 21.
Rxc1 Ba8 22. f3 Kh8 23. Rd1 Qc7 24. Qc4 Qe7 25. b4 d5 26. Qb5 axb4 27. Qxb4
Qxb4 28. axb4 Rc8 29. Bb5 Rc7 30. Ra1 1-0

[Event "26.Schlosspark-Open"]
[Site "Wiesbaden-Biebrich"]
[Date "2014.08.29"]
[Round "3.3"]
[White "Hahn, Florian"]
[Black "Poetsch, Hagen"]
[Result "0-1"]
[WhiteElo "2133"]
[BlackElo "2494"]
[PlyCount "54"]
[EventDate "2014.??.??"]
[WhiteTeam "SJ Herborn 1998"]
[BlackTeam "SF Schöneck"]

1. d4 Nf6 2. c4 b6 3. Nf3 Bb7 4. g3 c5 5. Bg2 cxd4 6. Qxd4 Nc6 7. Qd1 e6 8. O-O
Bc5 9. Nc3 O-O 10. Bf4 Na5 11. b3 d5 12. Ne5 Bb4 13. Rc1 Rc8 14. Bd2 Ba3 15.
Rb1 Bd6 16. f4 dxc4 17. Bxb7 Nxb7 18. Nxc4 Bc5+ 19. Kg2 Nd6 20. Nxd6 Qxd6 21.
Rf3 Rfd8 22. Rd3 Qc6+ 23. Kh3 Rxd3 24. exd3 Rd8 25. Qe2 Qd7 26. Ne4 e5+ 27. g4
Qxd3+ 0-1

[Event "26.Schlosspark-Open"]
[Site "Wiesbaden-Biebrich"]
[Date "2014.08.29"]
[Round "3.4"]
[White "Carlstedt, Jonathan"]
[Black "Keymer, Vincent"]
[Result "1-0"]
[WhiteElo "2437"]
[BlackElo "2036"]
[PlyCount "91"]
[EventDate "2014.??.??"]
[WhiteTeam "Hamburger SK von 1830 eV"]
[BlackTeam "SK Gau-Algesheim"]

1. d4 d5 2. Nf3 Nf6 3. e3 Bf5 4. c4 c6 5. Qb3 Qc7 6. Nc3 e6 7. Bd2 Ne4 8. Rc1
Nxc3 9. bxc3 Bd6 10. cxd5 exd5 11. c4 dxc4 12. Bxc4 O-O 13. O-O Be4 14. Ne5
Bxe5 15. dxe5 Qxe5 16. Bb4 Rd8 17. Bxf7+ Kh8 18. Rc5 Qc7 19. Rg5 h6 20. Rg3 Nd7
21. Bc3 Ne5 22. Qe6 Qxf7 23. Qxe5 Bg6 24. Rf3 Qd7 25. h4 Re8 26. Qg3 Kh7 27.
Rf4 Rad8 28. Rg4 Qf5 29. e4 Qh5 30. Qc7 Rg8 31. Rf4 Rde8 32. e5 Rb8 33. f3 Rgc8
34. Qe7 Re8 35. Qc5 b6 36. Qf2 Bf7 37. Re1 Be6 38. Rd1 Red8 39. Rd6 Qe8 40.
Rfd4 Bd5 41. Rg4 Rb7 42. Qc2+ Kh8 43. Rxh6+ Kg8 44. Qh7+ Kf8 45. Qh8+ Bg8 46.
Rf6+ 1-0

[Event "26.Schlosspark-Open"]
[Site "Wiesbaden-Biebrich"]
[Date "2014.08.29"]
[Round "3.5"]
[White "Thybo, Jesper Sondergaard"]
[Black "Malek, Daniel"]
[Result "1-0"]
[WhiteElo "2121"]
[BlackElo "2391"]
[PlyCount "81"]
[EventDate "2014.??.??"]
[WhiteTeam "Skive Skak Klub"]
[BlackTeam "Wiesbadener SV 1885"]

1. d4 Nf6 2. c4 e6 3. g3 d5 4. Nf3 Bb4+ 5. Bd2 Be7 6. Bg2 c6 7. O-O dxc4 8. a4
O-O 9. Qc2 b6 10. Ne5 Bb7 11. e3 Nd5 12. Nxc4 Nd7 13. Qb3 c5 14. Na5 Ba6 15.
Nc6 Qe8 16. Re1 c4 17. Nxe7+ Qxe7 18. Qa3 Qd8 19. Nc3 N7f6 20. Na2 Rc8 21. a5
b5 22. Rad1 h6 23. e4 Ne7 24. Bb4 Re8 25. Bc5 Qc7 26. Bd6 Qd7 27. Bc5 Ng6 28.
Nc3 Bb7 29. Bxa7 Bxe4 30. Bxe4 b4 31. Qxb4 Nxe4 32. Nxe4 Qxa7 33. Nd6 Rb8 34.
Qc5 Re7 35. Nxc4 Qxc5 36. dxc5 Rc7 37. Nb6 Ne7 38. b4 Nc6 39. Re4 Nxb4 40. Rxb4
Rxc5 41. Ra1 1-0

[Event "26.Schlosspark-Open"]
[Site "Wiesbaden-Biebrich"]
[Date "2014.08.29"]
[Round "3.6"]
[White "Boidman, Yuri"]
[Black "Holzschuh, Gerald"]
[Result "1-0"]
[WhiteElo "2384"]
[BlackElo "2113"]
[PlyCount "65"]
[EventDate "2014.??.??"]
[WhiteTeam "SC Heimbach-Weis/Neuwied"]
[BlackTeam "SC Bad Nauheim"]

1. e4 d6 2. d4 Nf6 3. Nc3 g6 4. Bg5 h6 5. Be3 c6 6. f3 b5 7. e5 b4 8. exf6 bxc3
9. bxc3 e6 10. Bd3 Nd7 11. Ne2 Nxf6 12. c4 Bg7 13. Qd2 Nd7 14. O-O Qc7 15. Rae1
Rb8 16. c3 f5 17. c5 dxc5 18. Nf4 Nf8 19. Bc4 Kf7 20. dxc5 Be5 21. g3 g5 22.
Nd3 Bf6 23. Bd4 Ng6 24. g4 f4 25. Bxf6 Kxf6 26. Nf2 e5 27. Rd1 Be6 28. Ne4+ Ke7
29. Bxe6 Kxe6 30. Qd6+ Qxd6 31. Rxd6+ Kf7 32. Rxc6 Rb2 33. Rd1 1-0

[Event "26.Schlosspark-Open"]
[Site "Wiesbaden-Biebrich"]
[Date "2014.08.29"]
[Round "3.7"]
[White "Leidorf, Sebastian"]
[Black "Legde, Georg"]
[Result "0-1"]
[WhiteElo "2052"]
[BlackElo "2323"]
[PlyCount "54"]
[EventDate "2014.??.??"]
[WhiteTeam "SV Bergwinkel"]
[BlackTeam "Freibauer Mörlenbach-Birkenau"]

1. c4 c5 2. g3 Nc6 3. Bg2 g6 4. Nc3 Bg7 5. Nf3 e6 6. d3 Nge7 7. Bg5 h6 8. Bd2
O-O 9. Rb1 b6 10. a3 Bb7 11. Qc1 Kh7 12. b4 Rb8 13. bxc5 bxc5 14. h4 d6 15. h5
g5 16. Bxg5 hxg5 17. Nxg5+ Kh8 18. Nce4 Nf5 19. h6 Bf6 20. g4 Nfd4 21. Qf4 Bxg5
22. Nxg5 f6 23. Ne4 Ne5 24. f3 f5 25. Nxc5 Qa5+ 26. Kf1 Qxc5 27. Qg5 Qc7 0-1

[Event "26.Schlosspark-Open"]
[Site "Wiesbaden-Biebrich"]
[Date "2014.08.29"]
[Round "3.8"]
[White "Haag, Martin"]
[Black "Hebbering, Tom Elliot"]
[Result "1/2-1/2"]
[WhiteElo "2307"]
[BlackElo "2065"]
[PlyCount "61"]
[EventDate "2014.??.??"]
[WhiteTeam "SC Bonn Beuel"]
[BlackTeam "SJ Herborn 1998"]

1. c4 c5 2. g3 g6 3. Bg2 Bg7 4. Nc3 Nc6 5. Nf3 d6 6. d3 Bf5 7. O-O Qd7 8. Re1
Bh3 9. Bxh3 Qxh3 10. Nd5 Qd7 11. Rb1 e6 12. Nc3 Nge7 13. Bd2 O-O 14. a3 d5 15.
cxd5 exd5 16. Na4 b6 17. b4 cxb4 18. axb4 d4 19. b5 Ne5 20. Bb4 Nxf3+ 21. exf3
Rfe8 22. Bxe7 Rxe7 23. Rxe7 Qxe7 24. Nb2 Rc8 25. Nc4 Qd7 26. Kg2 Rc7 27. f4 h5
28. h4 Qf5 29. Rb3 Rc5 30. Qf3 Qd5 31. Qxd5 1/2-1/2

[Event "26.Schlosspark-Open"]
[Site "Wiesbaden-Biebrich"]
[Date "2014.08.29"]
[Round "3.9"]
[White "Kregelin, Jan"]
[Black "Kiefer, Daniel"]
[Result "0-1"]
[WhiteElo "2073"]
[BlackElo "2263"]
[PlyCount "46"]
[EventDate "2014.??.??"]
[WhiteTeam "FVS ASP Hoyerswerda"]
[BlackTeam "Sfr.Mainz 1928"]

1. d4 Nf6 2. c4 c5 3. d5 b5 4. cxb5 a6 5. f3 axb5 6. e4 Qa5+ 7. Bd2 b4 8. Na3
d6 9. Nc4 Qc7 10. a3 bxa3 11. Rxa3 Rxa3 12. bxa3 Nbd7 13. Qa4 g6 14. Bd3 Bg7
15. Ne2 O-O 16. O-O Bb7 17. Rb1 Ra8 18. Qb5 Rb8 19. Ba5 Qc8 20. Bb6 Ba6 21. Qc6
Bxc4 22. Bxc4 Qxc6 23. dxc6 Rxb6 0-1

[Event "26.Schlosspark-Open"]
[Site "Wiesbaden-Biebrich"]
[Date "2014.08.29"]
[Round "3.10"]
[White "Fucik, Timo"]
[Black "Krenz, Valeriy"]
[Result "0-1"]
[WhiteElo "2057"]
[BlackElo "2242"]
[PlyCount "82"]
[EventDate "2014.??.??"]
[WhiteTeam "SK 1926 Ettlingen"]
[BlackTeam "SAbt TuS Dotzheim"]

1. d4 d5 2. c4 dxc4 3. Nf3 c6 4. e4 b5 5. a4 e6 6. Bd2 Bb7 7. b3 cxb3 8. axb5
c5 9. Ba5 Qd6 10. Nbd2 cxd4 11. Qxb3 Nd7 12. Bd3 Ngf6 13. O-O Nc5 14. Qb1 Nfd7
15. Re1 Ne5 16. Nxe5 Qxe5 17. Nc4 Qf4 18. Bd2 Qb8 19. e5 Be7 20. Bf4 g5 21. Bg3
h5 22. h3 Kf8 23. Nd6 h4 24. Bh2 g4 25. hxg4 h3 26. Bc4 hxg2 27. Ra3 Rxh2 28.
Kxh2 Bxd6 29. exd6 Qxd6+ 30. Kg1 Kg7 31. Rh3 d3 32. Ree3 d2 33. Be2 Rc8 34.
Qa1+ f6 35. g5 Ne4 36. gxf6+ Nxf6 37. Rc3 Qe5 38. Rcg3+ Kf7 39. Rg7+ Kxg7 40.
Qxe5 Rc1+ 41. Kh2 g1=Q# 0-1

[Event "26.Schlosspark-Open"]
[Site "Wiesbaden-Biebrich"]
[Date "2014.08.29"]
[Round "3.11"]
[White "Sergin, Mark"]
[Black "Berberich, Christoph"]
[Result "1-0"]
[WhiteElo "2240"]
[BlackElo "2056"]
[PlyCount "77"]
[EventDate "2014.??.??"]
[WhiteTeam "Kasseler SK 1876"]
[BlackTeam "SK Freiburg Zähringen 1887 e.V."]

1. e4 c5 2. Nc3 e6 3. Nf3 Nc6 4. Bb5 Nd4 5. Nxd4 cxd4 6. Ne2 Qg5 7. Bc4 Qxg2 8.
Ng3 Qh3 9. f4 Bc5 10. b3 Ne7 11. Bb2 d5 12. Bb5+ Kf8 13. Qf3 dxe4 14. Qxe4 Nf5
15. O-O-O Nxg3 16. hxg3 Qf5 17. Qe2 Qd5 18. Rh5 Qd6 19. Rdh1 a6 20. Bd3 h6 21.
Qf3 a5 22. a4 Rb8 23. g4 Bd7 24. g5 Bc6 25. Be4 Bxe4 26. Qxe4 Ba3 27. gxh6
Bxb2+ 28. Kxb2 Rxh6 29. Rxh6 gxh6 30. Rxh6 Ke7 31. f5 Qd5 32. Qh4+ Kd7 33.
fxe6+ fxe6 34. Rh7+ Kc6 35. Rh5 Qd8 36. Qe4+ Kc7 37. Qxe6 Qd7 38. Rc5+ Kd8 39.
Rd5 1-0

[Event "26.Schlosspark-Open"]
[Site "Wiesbaden-Biebrich"]
[Date "2014.08.29"]
[Round "3.12"]
[White "Feicht, Arno"]
[Black "Schaack, Harry"]
[Result "0-1"]
[WhiteElo "2053"]
[BlackElo "2218"]
[PlyCount "60"]
[EventDate "2014.??.??"]
[WhiteTeam "SC Butzbach 2000"]
[BlackTeam "SF Schöneck"]

1. d4 Nf6 2. Nc3 d5 3. Bg5 Nbd7 4. e3 c6 5. f4 Qa5 6. Qd2 b5 7. Bd3 b4 8. Nce2
Ne4 9. Bxe4 dxe4 10. Nh3 Nb6 11. Nf2 f5 12. O-O Ba6 13. Rfe1 e6 14. Nd1 Bd6 15.
Nc1 Nd5 16. a3 Bc4 17. b3 Bb5 18. a4 Ba6 19. Na2 Rb8 20. Rb1 h6 21. Bh4 g5 22.
Bg3 gxf4 23. Bxf4 Nxf4 24. exf4 Qc7 25. g3 h5 26. Kf2 h4 27. Rg1 hxg3+ 28. hxg3
Kf7 29. Nb2 c5 30. Rh1 cxd4 0-1

[Event "26.Schlosspark-Open"]
[Site "Wiesbaden-Biebrich"]
[Date "2014.08.29"]
[Round "3.13"]
[White "De Visser, Leon"]
[Black "Schmitt, Carsten"]
[Result "1-0"]
[WhiteElo "2204"]
[BlackElo "1984"]
[PlyCount "105"]
[EventDate "2014.??.??"]
[WhiteTeam "SC Brett vorm Kopp Ffm"]
[BlackTeam "SV Bergwinkel"]

1. c4 e6 2. g3 d5 3. Nf3 c5 4. Bg2 Nf6 5. O-O Be7 6. b3 Nc6 7. Bb2 d4 8. e3 e5
9. exd4 exd4 10. Re1 Qc7 11. d3 O-O 12. Na3 Bg4 13. Qd2 Rfe8 14. Nc2 a5 15. a3
a4 16. b4 b6 17. h3 Bh5 18. Re2 Bd6 19. Rae1 h6 20. Rxe8+ Rxe8 21. b5 Rxe1+ 22.
Ncxe1 Na5 23. Qc2 Nb3 24. Nd2 Qe7 25. Nef3 g5 26. Nxb3 axb3 27. Qd1 g4 28. hxg4
Nxg4 29. Qd2 Qc7 30. Bc1 Qe7 31. Kf1 Qf6 32. Kg1 Qe7 33. Qe1 Qxe1+ 34. Nxe1 Kg7
35. Nf3 Bg6 36. Bf1 Nf6 37. Nd2 Ng4 38. Nf3 Bxg3 39. fxg3 Ne3 40. Be2 Bh5 41.
Kf2 Kf6 42. Nd2 Nd1+ 43. Bxd1 Bxd1 44. Ne4+ Ke6 45. Ke1 Bc2 46. Ke2 Kd7 47. Nf2
Ke6 48. Nd1 h5 49. Nb2 f5 50. Kf3 Bb1 51. Bg5 Kd7 52. a4 Bc2 53. Kf4 1-0

[Event "26.Schlosspark-Open"]
[Site "Wiesbaden-Biebrich"]
[Date "2014.08.29"]
[Round "3.14"]
[White "Frömbgen, Andreas"]
[Black "Cofman, Veaceslav"]
[Result "1/2-1/2"]
[WhiteElo "1953"]
[BlackElo "2094"]
[PlyCount "95"]
[EventDate "2014.??.??"]
[WhiteTeam "SK Gau-Algesheim"]
[BlackTeam "Karlsruher SF 1853"]

1. c4 Nf6 2. g3 e6 3. Bg2 d5 4. cxd5 exd5 5. d4 c6 6. Nf3 Bd6 7. O-O Bf5 8. Nc3
Nbd7 9. Re1 O-O 10. Nh4 Bg6 11. Nxg6 hxg6 12. Bg5 Qb6 13. Rb1 Rfe8 14. Bxf6
Nxf6 15. e3 a5 16. a3 Qd8 17. Qc2 Qd7 18. Rec1 Qe6 19. Na4 Ne4 20. Bxe4 dxe4
21. Nc5 Bxc5 22. Qxc5 Red8 23. Qc4 Rd5 24. Rc2 a4 25. b4 axb3 26. Rxb3 Qd7 27.
Rcb2 Ra7 28. Qc2 Qe7 29. Rc3 Rda5 30. Rbb3 Qe6 31. Rb6 Rh5 32. Rc5 Rxa3 33.
Rxb7 Rh6 34. h4 Qg4 35. Rb1 Rd3 36. Rg5 Qd7 37. Re5 Qg4 38. Rg5 Qf3 39. Qxc6 f6
40. Qe6+ Kh7 41. Rg4 Qe2 42. Rxe4 Rh5 43. Rf4 Rd1+ 44. Rxd1 Qxd1+ 45. Kg2 Ra5
46. h5 gxh5 47. Rh4 Rg5 48. Qe4+ 1/2-1/2

[Event "26.Schlosspark-Open"]
[Site "Wiesbaden-Biebrich"]
[Date "2014.08.29"]
[Round "3.15"]
[White "Schwarz, Eduard"]
[Black "Baskin, Robert"]
[Result "1/2-1/2"]
[WhiteElo "1928"]
[BlackElo "2152"]
[PlyCount "78"]
[EventDate "2014.??.??"]
[WhiteTeam "SG Turm Idstein"]
[BlackTeam "SAbt TuS Makkabi Ffm"]

1. d4 Nf6 2. c4 g6 3. Nc3 Bg7 4. e4 d6 5. Nf3 O-O 6. Be2 e5 7. d5 a5 8. Bg5 h6
9. Be3 Ng4 10. Bd2 f5 11. g3 fxe4 12. Nxe4 Bf5 13. Bd3 Nf6 14. Qc2 Nxe4 15.
Bxe4 Qf6 16. Bxf5 gxf5 17. O-O Nd7 18. Nh4 c6 19. dxc6 bxc6 20. Bc3 Qe6 21.
Rad1 d5 22. cxd5 cxd5 23. Qd2 d4 24. Bxa5 Qxa2 25. Ra1 Qe6 26. Bb4 Rfb8 27.
Rxa8 Rxa8 28. Re1 Qf7 29. Qc2 e4 30. f3 Rb8 31. Ba3 d3 32. Qd2 Re8 33. Qf4 Ne5
34. fxe4 fxe4 35. Rxe4 Qxf4 36. Rxf4 d2 37. Rf1 Nc4 38. Nf3 Re2 39. Bb4 Bxb2
1/2-1/2

[Event "26.Schlosspark-Open"]
[Site "Wiesbaden-Biebrich"]
[Date "2014.08.29"]
[Round "3.16"]
[White "Berger, Ewald"]
[Black "Serbu, Eli"]
[Result "1-0"]
[WhiteElo "1916"]
[BlackElo "2150"]
[PlyCount "69"]
[EventDate "2014.??.??"]
[WhiteTeam "SC Butzbach 2000"]
[BlackTeam "Wiesbadener SV 1885"]

1. c4 Nf6 2. Nc3 d5 3. cxd5 Nxd5 4. g3 Nc6 5. Bg2 Nb6 6. Nf3 e5 7. O-O Be7 8.
d3 O-O 9. a3 Be6 10. b4 f6 11. Be3 Nd5 12. Qc1 Kh8 13. Rd1 Re8 14. d4 Nxe3 15.
Qxe3 Bb3 16. Rd2 exd4 17. Nxd4 Nxd4 18. Rxd4 Qc8 19. Qf3 c5 20. bxc5 Bxc5 21.
Rh4 Rb8 22. Ne4 Bd4 23. Nd6 Qc5 24. Nxe8 Bxa1 25. Qxb3 Qc1+ 26. Bf1 Rxe8 27.
Qf7 Rg8 28. e3 h6 29. Qg6 Rd8 30. Rc4 Qxa3 31. Kg2 Qd6 32. Rh4 Qd5+ 33. e4 Qd2
34. Bc4 Qd6 35. Rxh6+ 1-0

[Event "26.Schlosspark-Open"]
[Site "Wiesbaden-Biebrich"]
[Date "2014.08.29"]
[Round "3.17"]
[White "Rafiee, Makan"]
[Black "Junker, Christian"]
[Result "1-0"]
[WhiteElo "2258"]
[BlackElo "2061"]
[PlyCount "81"]
[EventDate "2014.??.??"]
[WhiteTeam "Kasseler SK 1876"]
[BlackTeam "SV 1926 Neu-Isenburg"]

1. e4 e5 2. f4 exf4 3. Nf3 d5 4. exd5 Nf6 5. Bb5+ c6 6. dxc6 Nxc6 7. d4 Qb6 8.
Qe2+ Be6 9. Bxf4 a6 10. Bxc6+ bxc6 11. c3 Nd5 12. Bg3 Be7 13. O-O O-O 14. c4
Nf6 15. Nc3 Rfe8 16. b3 Bg4 17. Bf2 Bb4 18. Qd3 Qa5 19. Ne2 Bf5 20. Qd1 Ng4 21.
a3 Bd6 22. b4 Qd8 23. Qd2 Nxf2 24. Rxf2 Bg4 25. g3 a5 26. c5 Bc7 27. Rb1 axb4
28. axb4 Qd5 29. Nf4 Bxf4 30. Qxf4 Re4 31. Qg5 f5 32. Ne5 Rxd4 33. Nxg4 Rd1+
34. Rf1 Rxf1+ 35. Rxf1 fxg4 36. Qxd5+ cxd5 37. b5 Ra5 38. Rb1 Kf7 39. b6 Ra8
40. b7 Rb8 41. c6 1-0

[Event "26.Schlosspark-Open"]
[Site "Wiesbaden-Biebrich"]
[Date "2014.08.29"]
[Round "3.18"]
[White "Minor, Samuel"]
[Black "Kuhn, Gerhard"]
[Result "1-0"]
[WhiteElo "2229"]
[BlackElo "2023"]
[PlyCount "55"]
[EventDate "2014.??.??"]
[WhiteTeam "Wiesbadener SV 1885"]
[BlackTeam "SK Marburg 1931/72"]

1. e4 c6 2. d4 d5 3. e5 c5 4. dxc5 e6 5. Be3 Nc6 6. Nf3 Qc7 7. c4 Nxe5 8. cxd5
Nxf3+ 9. Qxf3 exd5 10. Nc3 Nf6 11. Nb5 Qe5 12. Qf4 Qxf4 13. Bxf4 Nh5 14. Be3
Kd8 15. O-O-O Be6 16. Bc4 Nf6 17. Nc3 Be7 18. b4 Kc7 19. Bf4+ Kd7 20. Rhe1 Bd8
21. Kb2 Bc7 22. Bg5 a6 23. Bxf6 gxf6 24. Bxd5 Bxd5 25. Nxd5 Be5+ 26. Kb3 Kc6
27. Ne7+ Kc7 28. f4 1-0

[Event "26.Schlosspark-Open"]
[Site "Wiesbaden-Biebrich"]
[Date "2014.08.29"]
[Round "3.19"]
[White "Hahn, Markus"]
[Black "Gentner, Markus"]
[Result "1-0"]
[WhiteElo "2221"]
[BlackElo "1988"]
[PlyCount "69"]
[EventDate "2014.??.??"]
[WhiteTeam "Kasseler SK 1876"]
[BlackTeam "SC Murrhardt 1948 e.V."]

1. c4 Nf6 2. Nf3 e6 3. g3 b6 4. Bg2 Bb7 5. O-O Be7 6. Nc3 O-O 7. b3 c5 8. Bb2
Nc6 9. d4 d6 10. d5 exd5 11. cxd5 Nb4 12. h3 Re8 13. Nh4 Bf8 14. Qd2 Bc8 15. f4
Nh5 16. Kh2 g6 17. e4 Bg7 18. a3 Na6 19. Rae1 Nc7 20. Nf3 Ba6 21. Rf2 Nb5 22.
e5 Bh6 23. Nxb5 Bxb5 24. Ng5 Qe7 25. e6 f5 26. g4 Nf6 27. Nf7 Bg7 28. g5 Nh5
29. Bf3 Bxb2 30. Qxb2 Ng7 31. Qf6 Qf8 32. Nh6+ Kh8 33. Nf7+ Kg8 34. Nh6+ Kh8
35. e7 1-0

[Event "26.Schlosspark-Open"]
[Site "Wiesbaden-Biebrich"]
[Date "2014.08.29"]
[Round "3.20"]
[White "Villani, Cristian"]
[Black "Nagel, Bernhard"]
[Result "0-1"]
[WhiteElo "2032"]
[BlackElo "2204"]
[PlyCount "146"]
[EventDate "2014.??.??"]
[WhiteTeam "SK Durlach"]
[BlackTeam "Wiesbadener SV 1885"]

1. Nf3 Nf6 2. c4 c6 3. Nc3 d5 4. d4 a6 5. c5 Bf5 6. Bf4 Nbd7 7. e3 e6 8. Be2 h6
9. h3 Ne4 10. O-O g5 11. Be5 Nxe5 12. Nxe5 Bg7 13. Nxe4 Bxe5 14. Nc3 Bc7 15.
Rc1 Qf6 16. f3 e5 17. Qa4 Be6 18. e4 O-O 19. exd5 cxd5 20. Rcd1 b5 21. Qb3 Rfd8
22. f4 exd4 23. Nb1 gxf4 24. Nd2 Re8 25. Rfe1 Qg6 26. Bd3 Qg3 27. Bc2 Ba5 28.
Qd3 Qxd3 29. Bxd3 Rac8 30. Rf1 Bxd2 31. Rxd2 Rxc5 32. Rxf4 Kg7 33. Rxd4 Bc8 34.
Kf2 Re5 35. Be2 Be6 36. Bf3 Kf6 37. a3 Rf5 38. Rh4 Kg7 39. Rg4+ Rg5 40. Rgd4
Rc4 41. R4d3 a5 42. Ke2 Re5+ 43. Kd1 Rf4 44. Rd4 Rxd4 45. Rxd4 Kf6 46. Kd2 Rg5
47. Rh4 Kg6 48. Rd4 Re5 49. Be2 Bd7 50. Bf3 Bc6 51. Rg4+ Rg5 52. Rd4 Kf6 53.
Rh4 Rg6 54. Kd3 Ke5 55. Rh5+ f5 56. Rh4 Be8 57. Rd4 Rd6 58. Rh4 f4 59. Bh5 Bg6+
60. Kd2 Be4 61. Be2 b4 62. axb4 axb4 63. Rg4 Rg6 64. Rxg6 Bxg6 65. Ke1 Be4 66.
Kf2 d4 67. g3 fxg3+ 68. Kxg3 d3 69. Bd1 Kd4 70. Kf2 Bd5 71. Ba4 Ba2 72. Bb5 Bb3
73. Ba6 d2 0-1

[Event "26.Schlosspark-Open"]
[Site "Wiesbaden-Biebrich"]
[Date "2014.08.29"]
[Round "3.21"]
[White "Kiese, Matthias"]
[Black "Muuss, Klaus"]
[Result "1-0"]
[WhiteElo "2202"]
[BlackElo "2012"]
[PlyCount "81"]
[EventDate "2014.??.??"]
[WhiteTeam "Bochumer SV 02"]
[BlackTeam "VSF Flintbek"]

1. d4 d5 2. c4 e6 3. Nc3 Nf6 4. cxd5 exd5 5. Bg5 c6 6. e3 Be7 7. Qc2 O-O 8. Bd3
h6 9. Bh4 Nbd7 10. Nf3 Ne8 11. Bg3 Bd6 12. O-O Bxg3 13. hxg3 Ndf6 14. b4 Nd6
15. b5 cxb5 16. Nxb5 Nxb5 17. Bxb5 Be6 18. Bd3 Rc8 19. Qb2 Qe7 20. Rfc1 Rxc1+
21. Rxc1 Rc8 22. Rxc8+ Bxc8 23. Qc3 Be6 24. Ne5 Ng4 25. Nxg4 Bxg4 26. Qa5 Be6
27. Qxa7 g6 28. Qc5 Qd8 29. a4 Qc8 30. Qxc8+ Bxc8 31. a5 g5 32. f3 f5 33. Kf2
Kf7 34. Ke2 Ke6 35. Kd2 Kd6 36. Kc3 b6 37. a6 Kc6 38. Kb4 Kc7 39. a7 Bb7 40.
Bxf5 Bc6 41. e4 1-0

[Event "26.Schlosspark-Open"]
[Site "Wiesbaden-Biebrich"]
[Date "2014.08.29"]
[Round "3.22"]
[White "Pioch, Thomas"]
[Black "Göbel, Andreas"]
[Result "1/2-1/2"]
[WhiteElo "2160"]
[BlackElo "1987"]
[PlyCount "28"]
[EventDate "2014.??.??"]
[WhiteTeam "Sfr.Mainz 1928"]
[BlackTeam "SC Brett vorm Kopp Ffm"]

1. Nf3 Nf6 2. g3 c5 3. c4 Nc6 4. Bg2 g6 5. O-O Bg7 6. Nc3 O-O 7. d4 cxd4 8.
Nxd4 Ng4 9. e3 d6 10. h3 Nge5 11. b3 Nxd4 12. exd4 Nc6 13. Be3 Bf5 14. Qd2 Qa5
1/2-1/2

[Event "26.Schlosspark-Open"]
[Site "Wiesbaden-Biebrich"]
[Date "2014.08.29"]
[Round "3.23"]
[White "Davenport, Darcy"]
[Black "Özdemir, Ali Özden"]
[Result "1-0"]
[WhiteElo "2153"]
[BlackElo "1958"]
[PlyCount "59"]
[EventDate "2014.??.??"]
[WhiteTeam "vereinslos"]
[BlackTeam "SK Langen"]

1. d4 Nf6 2. c4 g6 3. Nf3 Bg7 4. g3 O-O 5. Bg2 d6 6. O-O Nbd7 7. Nc3 e5 8. e4
exd4 9. Nxd4 Re8 10. h3 c6 11. Re1 a5 12. Rb1 Nc5 13. Bf4 Nh5 14. Be3 Nf6 15.
Qc2 Nfd7 16. Rbd1 a4 17. f4 Qa5 18. Bf2 a3 19. b3 Na6 20. Nde2 Nb4 21. Qd2 Bf8
22. Na4 Nc5 23. Nxc5 dxc5 24. g4 b5 25. cxb5 cxb5 26. e5 Ra7 27. Nc3 Bb7 28.
Bxb7 Rxb7 29. Ne4 Kg7 30. Qc3 1-0

[Event "26.Schlosspark-Open"]
[Site "Wiesbaden-Biebrich"]
[Date "2014.08.29"]
[Round "3.25"]
[White "Bingert, Tim Niklas"]
[Black "Soost, Stefan"]
[Result "1-0"]
[WhiteElo "2120"]
[BlackElo "1953"]
[PlyCount "65"]
[EventDate "2014.??.??"]
[WhiteTeam "SV 1920 Hofheim"]
[BlackTeam "vereinslos"]

1. e4 c5 2. Nf3 Nc6 3. d4 cxd4 4. Nxd4 Nf6 5. Nc3 e5 6. Ndb5 d6 7. Bg5 a6 8.
Na3 b5 9. Nd5 Be7 10. Bxf6 Bxf6 11. c4 b4 12. Nc2 O-O 13. g3 a5 14. Bg2 Rb8 15.
b3 a4 16. O-O Bg5 17. Qd3 a3 18. h4 Bh6 19. Kh2 Be6 20. Bh3 Bxh3 21. Kxh3 g6
22. Kg2 f5 23. Rad1 Kh8 24. exf5 gxf5 25. Nde3 Bxe3 26. fxe3 Rg8 27. Qxf5 Qxh4
28. Qf6+ Qxf6 29. Rxf6 Rg7 30. Rdxd6 Rbg8 31. Rxc6 Rxg3+ 32. Kf1 Rg1+ 33. Ke2
1-0

[Event "26.Schlosspark-Open"]
[Site "Wiesbaden-Biebrich"]
[Date "2014.08.29"]
[Round "3.26"]
[White "Petreski, Gligur"]
[Black "Busche, Stefan"]
[Result "1/2-1/2"]
[WhiteElo "1890"]
[BlackElo "2108"]
[PlyCount "110"]
[EventDate "2014.??.??"]
[WhiteTeam "SV Mainz-Mombach"]
[BlackTeam "SVG Saarbrücken 1970 e.V."]

1. d4 Nf6 2. Nf3 g6 3. g3 Bg7 4. Bg2 O-O 5. O-O d5 6. b3 c5 7. Bb2 Ne4 8. Nbd2
Nc6 9. e3 Qa5 10. Nxe4 dxe4 11. Ne5 Nxe5 12. dxe5 Rd8 13. Qe1 Qxe1 14. Rfxe1
Bf5 15. h3 h5 16. Red1 b6 17. Bf1 Kf8 18. Kg2 Bd7 19. a4 a5 20. Be2 Bc6 21. Bc4
e6 22. Be2 Rd5 23. c4 Rdd8 24. Bc3 Ke8 25. g4 hxg4 26. hxg4 Ke7 27. g5 Rxd1 28.
Rxd1 Rd8 29. Rd6 Rxd6 30. exd6+ Kf8 31. Bxg7+ Kxg7 32. Kg3 f6 33. gxf6+ Kxf6
34. Kf4 Be8 35. Kg4 Ke5 36. Kg5 Kxd6 37. Kf6 Bc6 38. Bg4 Bd7 39. Bh3 Bc8 40.
Kxg6 Ke7 41. Kg5 Bb7 42. Bg2 Bc6 43. Kf4 Kf6 44. Bxe4 e5+ 45. Kf3 Be8 46. Kg4
Bd7+ 47. Kh5 Bh3 48. f4 Bf1 49. fxe5+ Kxe5 50. Bc2 Bg2 51. Kg4 Be4 52. Bd1 Bb1
53. Kf3 Bd3 54. Kf2 Bb1 55. Ke1 Bf5 1/2-1/2

[Event "26.Schlosspark-Open"]
[Site "Wiesbaden-Biebrich"]
[Date "2014.08.29"]
[Round "3.27"]
[White "Barpiyeva, Gulsana"]
[Black "Lukas, Sebastian"]
[Result "1-0"]
[WhiteElo "2098"]
[BlackElo "1893"]
[PlyCount "39"]
[EventDate "2014.??.??"]
[WhiteTeam "SC Brett vorm Kopp Ffm"]
[BlackTeam "SC 1979 Hattersheim"]

1. c4 e5 2. Nc3 Nf6 3. g3 d5 4. cxd5 Nxd5 5. Bg2 Nb6 6. Nf3 Nc6 7. O-O Be7 8.
d3 Be6 9. a3 O-O 10. b4 f5 11. Bb2 Bf6 12. Nd2 Nd5 13. Rc1 Nce7 14. Nxd5 Bxd5
15. e4 Ba2 16. Qc2 c6 17. Bxe5 Bxe5 18. Qxa2+ Kh8 19. Nf3 Bc7 20. Ng5 1-0